000 00612nam a2200205Ia 4500
003 OSt
005 20250917180612.0
008 210423s2000 xx 000 0 und d
040 _cAL
041 _aEnglish
082 _a305.4
_223
_bMURB
100 _aRanjani K Murthy
_964529
245 _aBuilding womens capacities interventions in gender transformation
260 _aNew Delhi
_bSage Publications
_c2000
365 _b280
_cINR
650 _aSociology
_964530
650 _aWomen Studies
_964531
906 _aBuilding ; capacities ; gender ; interventions ; transformation ; womens
942 _2ddc
_cBK
999 _c172632
_d172632